Сборник № 3-6 : Технический бюллетень Взрывсельпрома; Взрывное дело

গ্রন্থ-পঞ্জীর বিবরন
Parent link:Взрывное дело: [сборник статей]/ Научно-техническое горное общество. Сборник № 3-6 : Технический бюллетень Взрывсельпрома.— , 1930-1990
ভাষা:রুশ
প্রকাশিত: 1930
বিষয়গুলি:
বিন্যাস: MixedMaterials গ্রন্থ
KOHA link:https://koha.lib.tpu.ru/cgi-bin/koha/opac-detail.pl?biblionumber=344134

MARC

LEADER 00000nam2a2200000 4500
001 344134
005 20231102005630.0
035 |a (RuTPU)RU\TPU\book\375315 
035 |a RU\TPU\book\375314 
090 |a 344134 
100 |a 20191226d1930 k y0rusy5003 ca 
101 0 |a rus 
102 |a RU 
105 |a a z 001zy 
200 0 |a Сборник № 3-6 : Технический бюллетень Взрывсельпрома 
210 |d 1930 
215 |a 88 с.  |c ил. 
320 |a Библиогр. в конце ст. 
461 1 |0 (RuTPU)RU\TPU\book\218495  |t Взрывное дело  |o [сборник статей]  |f Научно-техническое горное общество  |v Сборник № 3-6 : Технический бюллетень Взрывсельпрома  |d 1930-1990 
606 1 |a Взрывное дело  |2 stltpush  |3 (RuTPU)RU\TPU\subj\2379  |9 30955 
610 1 |a буровзрывные работы 
610 1 |a народное хозяйство 
610 1 |a совершенствование 
610 1 |a теоретические исследования 
610 1 |a экспериментальные исследования 
610 1 |a бурение 
610 1 |a техника 
610 1 |a достижения 
610 1 |a взрывчатые вещества 
675 |a 622.235  |z rus  |v 3 
801 0 |a RU  |b 63413507  |c 19950417  |g psbo 
801 1 |a RU  |b 63413507  |c 20110907 
801 2 |a RU  |b 63413507  |c 20191226  |g RCR 
942 |c BK